| 000 | 00469nam a2200169Ia 4500 | ||
|---|---|---|---|
| 008 | 230917s9999||||xx |||||||||||||| ||und|| | ||
| 020 | _cRS800 | ||
| 040 |
_e232783 _aMAIN |
||
| 041 | _aEnglish | ||
| 082 | _a352.054 N629P | ||
| 100 | _aNirwan, Maina | ||
| 245 | 0 | _aPanchayati raj evam mahila sashktikaran | |
| 260 |
_aJaipur _bPointer Publishers _c2014 |
||
| 300 | _avi, 224 p. | ||
| 500 | _a2315 22/03/2016 HBD15/1837 22/03/2016 Women Studies Centre | ||
| 942 | _cBK | ||
| 999 |
_c18486 _d18486 |
||